| 000 | 00866cam a2200253 i 4500 | ||
|---|---|---|---|
| 003 | SA-RiAUC | ||
| 005 | 20241003124803.0 | ||
| 008 | 240925s2002 sy g 00000 ara c | ||
| 040 |
_aSA-RiIMS _bara _cSA-RiAUC _erda |
||
| 082 | 0 | 4 | _a250 |
| 090 |
_a250 _bع ل و |
||
| 100 | 1 |
_aالعلواني، نشوة _eمؤلف. |
|
| 245 | 1 | 2 |
_aالحيل الشرعية بين الحضر والإباحة / _cنشوة العلواني. |
| 250 | _aالطبعة الأولى. | ||
| 264 | 1 |
_aدمشق : _bدار إقرأ، _c2002 |
|
| 300 |
_a204 صفحة ؛ _c24 سم |
||
| 336 |
_aنص _btxt _2rdacontent _3كتاب |
||
| 337 |
_aبدون وسيط _bn _2rdamedia |
||
| 338 |
_aمجلد _bnc _2rdacarrier |
||
| 650 | 7 |
_aالحيل الشرعية _2aucsh |
|
| 650 | 7 |
_aالحلال والحرام _2aucsh |
|
| 942 |
_2ddc _cBOOK _n0 |
||
| 949 |
_aSA-JeALM _d240925 _umohamedma123 _n1 |
||
| 999 |
_c597 _d597 |
||